000 00405nab a2200145Ia 4500
003 ES-SlBCS
005 20210601132317.0
008 140529s1995 xxu||||| |||| 00| 0 ita d
041 _aita
100 1 _aBateson, Gregory
_d1904-1980
_9139612
245 0 0 _aGioco e paradigma
_c Gregory Bateson
650 0 4 _aParadigma-Gozo
_9193888
773 0 _tAut Aut
_gnº. 269, 1995, págs. 35-44
_wRev1479
942 _cAR
999 _c577711
_d577711